000 00436nam a2200181Ia 4500
001 17985
005 20260306171557.0
008 260306s9999||||xx |||||||||||||| ||und||
041 _aESP
082 _a658.3
_bW53
100 _aWhetten, David A.
_eAUT
245 0 _aDesarrollo de habilidades directivas
260 _c2005
300 _axxi, 697 páginas :
_c25 cm.
650 _aGEN
654 _aCAN
942 _cLIB
_dJUS
_fJUS
_2ddc
_n
999 _c17985
_d17985